[Event "Challenge"]
[Site "http://www.queenalice.com/game.php?id=979775"]
[Date "2011.9.1"]
[Round "-"]
[White "edovchess"]
[Black "abreu"]
[Result "1-0"]
[WhiteElo "1500"]
[BlackElo "1228"]

1. e4 Nf6 2. e5 Ne4 3. d3 Nc5 4. d4 Ne4 5. Bd3 d5 6. f3 Ng5 7. Bxg5 h6 8. Be3
Nc6 9. f4 Nb4 10. Nf3 e6 11. c4 Be7 12. O-O c6 13. Nc3 O-O 14. a3 b5 15. axb4
dxc4 16. Be4 Bxb4 17. Bxc6 Rb8 18. Nxb5 Ba6 19. Rxa6 1-0

[Event "Challenge"]
[Site "http://www.queenalice.com/game.php?id=980410"]
[Date "2011.9.2"]
[Round "-"]
[White "vangogh"]
[Black "abreu"]
[Result "0-1"]
[WhiteElo "1402"]
[BlackElo "1214"]

1. e4 e5 2. Qh5 g6 3. Qxe5+ Be7 4. Qxh8 Kf8 5. Qxh7 Nf6 6. Qh8+ Ng8 7. Qh7 Nf6
8. Qh8+ Ng8 9. Bc4 c6 10. Nf3 b5 11. Bb3 d6 12. d3 Bf6 13. c3 Bxh8 14. Bg5 f6
15. Bf4 Ne7 16. Nd4 d5 17. Nd2 a5 18. a4 g5 19. Bg3 b4 20. cxb4 axb4 21. Rc1 Na6
22. exd5 cxd5 23. Nb5 Rb8 24. Na7 Ra8 25. Nb5 Qd7 26. Bd6 f5 27. Bxd5 Ke8 28.
Bxa8 Bb7 29. Bxb7 Qxb7 30. f3 Bxb2 31. Nc7+ Kd7 32. Rc2 Bd4 33. Nc4 Bc3+ 34. Kd1
Nxc7 35. Re1 Bxe1 36. Kxe1 Ne8 37. Bc5 b3 38. g3 bxc2 39. Be3 Qb1+ 40. Ke2 c1=Q
41. Bxc1 Qxc1 42. Ne5+ Kd8 43. Nf7+ Kc7 44. Nxg5 Qxg5 45. d4 Nd5 46. f4 Qh6 47.
h4 Qa6+ 48. Kd2 Qxa4 49. Kd3 Nb4+ 50. Kc4 Kc6 51. h5 Qa3 52. h6 Nd6# 0-1

[Event "Challenge"]
[Site "http://www.queenalice.com/game.php?id=991567"]
[Date "2011.9.30"]
[Round "-"]
[White "abreu"]
[Black "linoumberto"]
[Result "1-0"]
[WhiteElo "1268"]
[BlackElo "1462"]

1. e4 e5 2. Nc3 Nf6 3. Nf3 Bc5 4. Nxe5 O-O 5. Bc4 d6 6. Nxf7 Rxf7 7. Bxf7+ Kxf7
8. f3 Ng4 9. fxg4 Nc6 10. Nd5 Ne5 11. Rf1+ Ke8 12. g5 c6 13. Qh5+ Kd7 14. Nf4 b6
15. Qxh7 d5 16. Qxg7+ Qe7 17. Qh6 Ba6 18. Ng6 Nxg6 19. Qxg6 dxe4 20. Rf7 Rf8 21.
Rxe7+ 1-0

[Event "AUTO-OPEN-2497"]
[Site "http://www.queenalice.com/game.php?id=991612"]
[Date "2011.9.30"]
[Round "1"]
[White "abreu"]
[Black "V_Spy"]
[Result "1-0"]
[WhiteElo "1153"]
[BlackElo "1711"]

1. e4 e5 2. Qh5 Nc6 3. Bc4 g6 4. Qf3 Nh6 5. h4 Nd4 6. Qd1 c6 7. h5 d5 8. exd5
cxd5 9. Bb5+ Bd7 10. a4 Bxb5 11. axb5 Nxb5 12. Qe2 a6 13. Qxe5+ Qe7 14. Qe2 Nd4
15. Qxe7+ Bxe7 16. Kd1 gxh5 17. Rxh5 Ng4 18. Rxd5 Rd8 19. Nc3 Nxf2+ 20. Ke1 Ng4
21. Ra4 Bf6 22. Kd1 O-O 23. Rb4 b5 24. d3 Rxd5 25. Nxd5 Nc6 26. Rxg4+ Kh8 27.
Nxf6 Ne5 28. Rh4 Rd8 29. Rxh7# 1-0

[Event "AUTO-OPEN-2497"]
[Site "http://www.queenalice.com/game.php?id=991613"]
[Date "2011.9.30"]
[Round "1"]
[White "V_Spy"]
[Black "abreu"]
[Result "1-0"]
[WhiteElo "1709"]
[BlackElo "1153"]

1. e4 e5 2. Nf3 Nc6 3. Bb5 a6 4. Bxc6 bxc6 5. Nxe5 d6 6. Nf3 Nf6 7. d3 d5 8. e5
Nh5 9. d4 Nf4 10. Bxf4 Rb8 11. b3 h6 12. O-O g5 13. Be3 Be7 14. Nc3 Bb4 15. Bd2
g4 16. Ne1 O-O 17. a3 Ba5 18. b4 Bb6 19. Bxh6 Re8 20. Nd3 Bxd4 21. Qd2 Qh4 22.
Be3 Bb6 23. a4 d4 24. g3 Qh5 25. Bxd4 Kg7 26. e6+ f6 27. Nf4 Qh6 28. Bxb6 Rxb6
29. Rab1 Bxe6 30. Rfe1 c5 31. bxc5 Rc6 32. Qd4 Ba2 33. Nxa2 Qg5 34. Qd7+ Kf8 35.
Rxe8# 1-0

[Event "AUTO-OPEN-2497"]
[Site "http://www.queenalice.com/game.php?id=991614"]
[Date "2011.9.30"]
[Round "1"]
[White "abreu"]
[Black "Branco"]
[Result "0-1"]
[WhiteElo "1219"]
[BlackElo "1012"]

1. e4 e5 2. Nc3 Nc6 3. Nf3 d6 4. d3 Be6 5. h4 Qf6 6. Ng5 Nd4 7. Nb5 Nxb5 8. Qh5
Nd4 9. Nxf7 Bxf7 10. Qg4 Nxc2+ 11. Kd1 Nxa1 12. Bg5 Qxf2 13. Qf5 Bh5+ 14. Kc1
Qc2# 0-1

[Event "AUTO-OPEN-2497"]
[Site "http://www.queenalice.com/game.php?id=991615"]
[Date "2011.9.30"]
[Round "1"]
[White "Branco"]
[Black "abreu"]
[Result "1-0"]
[WhiteElo "1050"]
[BlackElo "1183"]

1. d4 e6 2. c3 d5 3. Bf4 h6 4. Nf3 g5 5. Bc1 g4 6. Ne5 Nf6 7. Bf4 Bd6 8. e3 Ne4
9. Qxg4 h5 10. Qg7 Rf8 11. Bh6 Ke7 12. Bg5+ Nxg5 13. Ng6+ Kd7 14. Nxf8+ Ke7 15.
Qxg5+ Kxf8 16. Qxd8+ 1-0

[Event "AUTO-OPEN-2504"]
[Site "http://www.queenalice.com/game.php?id=994020"]
[Date "2011.10.6"]
[Round "1"]
[White "abreu"]
[Black "Fluminense"]
[Result "0-1"]
[WhiteElo "1148"]
[BlackElo "1500"]

1. e4 c5 2. Bc4 Nc6 3. Qh5 e6 4. Nc3 Nd4 5. Nd5 Nxc2+ 6. Kd1 Nxa1 7. Nf3 exd5 8.
Bxd5 Qe7 9. Ne5 Nh6 10. Nxf7 Nxf7 11. e5 g6 12. Qg4 d6 13. Qa4+ Bd7 14. Qa5 Bc6
15. Bf3 Bxf3+ 16. gxf3 Bg7 17. Re1 O-O 18. b3 dxe5 19. Ba3 Qd7 20. Ke2 Nc2 21.
Rc1 Nxa3 22. Rxc5 b6 23. Qxa3 bxc5 24. Qxc5 Rac8 25. Qe3 Bh6 26. f4 Bxf4 0-1

[Event "Challenge"]
[Site "http://www.queenalice.com/game.php?id=997513"]
[Date "2011.10.15"]
[Round "-"]
[White "abreu"]
[Black "ricardoaurelio"]
[Result "0-1"]
[WhiteElo "1294"]
[BlackElo "1539"]

1. g3 d5 2. Bg2 Nf6 3. d4 Nc6 4. Nc3 e6 5. Nb5 a6 6. Na3 Bd6 7. e3 O-O 8. Nf3 e5
9. dxe5 Nxe5 10. Nxe5 Bxe5 11. f4 Bd6 12. Bxd5 Nxd5 13. Qxd5 Bb4+ 14. Bd2 Qxd5
15. Kf2 Qxd2+ 16. Kg1 Bh3 17. c3 Qg2# 0-1

[Event "Challenge"]
[Site "http://www.queenalice.com/game.php?id=997514"]
[Date "2011.10.15"]
[Round "-"]
[White "abreu"]
[Black "BomberNepal"]
[Result "1-0"]
[WhiteElo "1247"]
[BlackElo "1381"]

1. g3 d5 2. Bg2 a5 3. Nc3 c6 4. d4 f5 5. Na4 b5 6. Nc5 a4 7. Bf3 Na6 8. Bh5+ g6
9. Bf3 e5 10. Nxa6 Rxa6 11. dxe5 b4 12. h4 Bg7 13. Qd4 Qb6 14. Qd2 b3 15. axb3
axb3 16. Rxa6 1-0